000 00479nam a2200181Ia 4500
005 20250326124346.0
008 250326s9999 xx 000 0 und d
037 _aTextbook
040 _aFMSL
_beng
_cFMSL
041 _aeng
_2eng
084 _aX:74 K4
_qFMSL
100 _aEdwards R S
_9737275
245 0 _aBusiness enterprise
_cEdwards R S
260 _aLondon
_bLondon, Macmillan
_c1964
300 _a607p
942 _cTB
_hX:74 K4
999 _c1273424
_d1273424